书目信息 |
| 题名: |
中外建筑赏析
|
|
| 作者: | 王烨 编著 | |
| 分册: | ||
| 出版信息: | 北京 中国电力出版社 2011.09 |
|
| 页数: | 104页 | |
| 开本: | 26cm | |
| 丛书名: | 全国高等院校艺术设计教育丛书 | |
| 单 册: | ||
| 中图分类: | TU-861 | |
| 科图分类: | ||
| 主题词: | 建筑艺术--jian zhu yi shu--世界--高等学校--教材 , 建筑艺术--jian zhu yi shu | |
| 电子资源: | ||
| ISBN: | 978-7-5123-1559-4 | |
| 000 | 01087nam 2200265 450 | |
| 001 | 0109110247 | |
| 005 | 20201109150036.08 | |
| 010 | @a978-7-5123-1559-4@dCNY39.80 | |
| 100 | @a20120219e20192011em y0chiy50 ea | |
| 101 | 0 | @achi |
| 102 | @aCN@b110000 | |
| 105 | @aa z 000yy | |
| 106 | @ar | |
| 200 | 1 | @a中外建筑赏析@Azhong wai jian zhu shang xi@dAppreciation of chinese and foreign architecture@f王烨编著@zeng |
| 210 | @a北京@c中国电力出版社@d2011.09@h2019.01 | |
| 215 | @a104页@c图@d26cm | |
| 225 | 2 | @a全国高等院校艺术设计教育丛书@Aquan guo gao deng yuan jiao yi shu she ji jiao yu cong shu |
| 330 | @a本书从分析建筑艺术的相关要素入手,解析建筑艺术的内涵,阐述建筑艺术赏析的方法,概括介绍中西方古典建筑、现代建筑和当代建筑的艺术特征,并对不同时期与流派的经典作品进行赏析。 | |
| 461 | 0 | @12001 @a全国高等院校艺术设计教育丛书 |
| 606 | 0 | @a建筑艺术@Ajian zhu yi shu@y世界@x高等学校@j教材 |
| 606 | 0 | @a建筑艺术@Ajian zhu yi shu |
| 690 | @aTU-861@v5 | |
| 701 | 0 | @a王烨@Awang ye@c(女,艺术设计)@4编著 |
| 801 | 0 | @aCN@bBJSZM@c20201103 |
| 905 | @b1242063-6@dTU-861@e235@f4 | |
| 中外建筑赏析=Appreciation of chinese and foreign architecture/王烨编著.-北京:中国电力出版社,2011.09(2019.01) |
| 104页:图;26cm.-(全国高等院校艺术设计教育丛书) |
| ISBN 978-7-5123-1559-4:CNY39.80 |
| 本书从分析建筑艺术的相关要素入手,解析建筑艺术的内涵,阐述建筑艺术赏析的方法,概括介绍中西方古典建筑、现代建筑和当代建筑的艺术特征,并对不同时期与流派的经典作品进行赏析。 |
| ● |
| 相关链接 |
|
|
|
|
正题名:中外建筑赏析
索取号:TU-861/235
 
预约/预借
| 序号 | 登录号 | 条形码 | 馆藏地/架位号 | 状态 | 备注 |
| 1 | 1242063 | 212420637 | 第二样本阅览室/ [索取号:TU-861/235] | 在馆 | |
| 2 | 1242064 | 212420646 | 第三借阅区/ [索取号:TU-861/235] | 在馆 | |
| 3 | 1242065 | 212420655 | 第三借阅区/ [索取号:TU-861/235] | 在馆 | |
| 4 | 1242066 | 212420664 | 第三借阅区/ [索取号:TU-861/235] | 在馆 |